Nursery management

Bibliographic Details
Main Author: Mason, John
Format: Book
Published: Australia : Landlinks Press , 2004
Edition:Second edition
Subjects:

MARC

LEADER 00000cam a2200000 7i4500
001 0000003888
005 20110817.0
020 0 0 |a 64309024X 
090 0 0 |a 635.9152068   |b JOHN 2004 
100 1 0 |a Mason, John 
245 1 0 |a Nursery management   |c John Mason 
250 0 0 |a Second edition 
260 0 0 |a Australia :   |b Landlinks Press ,   |c 2004 
300 |a vii, 316 p. :   |b ill. ;   |c 25 cm. 
650 0 0 |a Nurseries (horticulture)   |x Australia 
650 0 0 |a Nurseries(horticulture)   |x Management 
998 |a JPSM 
999 |a 007675   |b Monograph   |c Open Shelf   |e Default branch